The healing shadow. (Record no. 6312)

000 -LEADER
fixed length control field 00490nam a2200169 a 4500
001 - CONTROL NUMBER
control field :::00004057$&:&@@
003 - CONTROL NUMBER IDENTIFIER
control field OkBaRHE
005 - DATE AND TIME OF LATEST TRANSACTION
control field 20001026125146.0
008 - FIXED-LENGTH DATA ELEMENTS--GENERAL INFORMATION
fixed length control field s1923 j 000 0 eng u
040 ## - CATALOGING SOURCE
Transcribing agency
100 1# - MAIN ENTRY--PERSONAL NAME
Personal name Quayle, William A.
245 14 - TITLE STATEMENT
Title The healing shadow.
260 ## - PUBLICATION, DISTRIBUTION, ETC. (IMPRINT)
Place of publication, distribution, etc New York
Name of publisher, distributor, etc The Abingdon Press
Date of publication, distribution, etc 1923
300 ## - PHYSICAL DESCRIPTION
Extent 300 p. ;
Dimensions 20 cm.
942 ## - ADDED ENTRY ELEMENTS (KOHA)
Source of classification or shelving scheme
Koha item type Books
Copies
Date last seen Damaged status Permanent Location Lost status Koha item type Withdrawn status Full call number Source of classification or shelving scheme Date acquired Not for loan Copy number Price effective from Shelving location Barcode
2010-04-14 RHEMA Bible Training College Books BV 4501.2 .Q34 2010-04-14 12010-04-14General Stacks4057